000 00598cam a2200181 a 4500
001 000004924
005 20200929151533.0
008 010504s2000 ec 001 p spa
020 _a997862175X
040 _aDO-SdBNP
_bspa
_cBNPHU
082 _aE861.42
_bJ37c
100 1 _aJaramillo, Carlos Eduardo,
_d1932-
_914236
245 1 0 _aCanciones levemente sado-masoquistas /
_cCarlos Eduardo Jaramillo.
260 _aEcuador :
_bCasa de la Cultura Ecuatoriana "Benjamín Carrión",
_c2000.
300 _a201 p. ;
_c21 cm.
650 4 _aPoesía ecuatoriana
_913387
650 4 _aLiteratura ecuatoriana
_93938
999 _c4730
_d4730